| 000 | 00418nam a22001697a 4500 | ||
|---|---|---|---|
| 003 | NUST - PNEC | ||
| 005 | 20170116181104.0 | ||
| 008 | 151003b xxu||||| |||| 00| 0 eng d | ||
| 020 | _a0195773284 | ||
| 040 | _cLIBRARY | ||
| 082 | _a823.91 ALI | ||
| 100 |
_912545 _aAli, Ahmed |
||
| 245 |
_aTwilight in Delhi: _ba novel _cAhmed Ali |
||
| 260 | _c1984 | ||
| 650 |
_912548 _aDelhi (India) _xGeneral |
||
| 942 |
_2ddc _cBK |
||
| 999 |
_c68871 _d68871 |
||